Fr. Conceicao Rodrigues College of Engineering

Learning to programme in structured COBOL (Record no. 30649)

MARC details
000 -LEADER
fixed length control field 00330nam a2200145Ia 4500
082 ## - DEWEY DECIMAL CLASSIFICATION NUMBER
Classification number 1.6424
Item number YOU
100 ## - MAIN ENTRY--PERSONAL NAME
Personal name Yourdon/E.
245 ## - TITLE STATEMENT
Title Learning to programme in structured COBOL
260 ## - PUBLICATION, DISTRIBUTION, ETC.
Name of publisher, distributor, etc. prentice hall
Place of publication, distribution, etc. New Delhi
Date of publication, distribution, etc. 1987
300 ## - PHYSICAL DESCRIPTION
Extent 478
546 ## - LANGUAGE NOTE
Language note ENGLISH
654 ## - SUBJECT ADDED ENTRY--FACETED TOPICAL TERMS
Focus term structured cobol
942 ## - ADDED ENTRY ELEMENTS (KOHA)
Koha item type BOOK
Holdings
Withdrawn status Lost status Damaged status Not for loan Collection Home library Current library Date acquired Cost, normal purchase price Total Checkouts Full call number Barcode Date last seen Cost, replacement price Price effective from Koha item type
        CRC Fr. Agnel's C.Rodrigues College of Engineering Fr. Agnel's C.Rodrigues College of Engineering 17/03/2023 65.00   1.6424 YOU 1413 17/03/2023 65.00 17/03/2023 BOOK